Statistics for undertale AU quiz(papyrus. difficully:easy)

Click here to take the quiz!

General Stats

  • This quiz has been taken 176 times
  • The average score is 5 of 11

Answer Stats

HintAnswer% Correct
HUMAN! I MUST CAPTURE YOU!UNDERTALE
97%
i'm papyrus. papyrus the skeleton.UNDERSWAP
94%
"papyrus laughs at you"UNDERFELL
85%
the tall skeleton with super small eyesHORRORTALE
49%
i'm gonna have a good time.SWAPFELL
42%
he swears to protect the treasures beforeERROR!TALE
19%
everything is so H A P P YHELP_TALE
19%
"IIIIII blocks the way!"HELP_TALE
19%
no headUNDERWORLD
19%
"papyrus no longer beliefes in you"DISBELIF
13%
ARCH...MA'AMOVERTIME
2%

Score Distribution

Percentile by Number Answered

Percent of People with Each Score

Your Score History

You have not taken this quiz